| 000 | 00562cam a2200217 4500 | ||
|---|---|---|---|
| 001 | B3157 | ||
| 008 | 090401t1990 xxu||||| |||| 00| 0 eng d | ||
| 035 | _a(Sirsi) u54370 | ||
| 041 | _aeng | ||
| 050 | _a693.71 | ||
| 100 | _aEmsley, M.W. | ||
| 245 | _aMethods and rates for structural steelwork erection | ||
| 260 |
_aAscot,Berks _bChartered Institute of Building _c1990 |
||
| 300 | _a8p. ; 30cm. | ||
| 350 | _a3 | ||
| 490 |
_aTechnical Information Service _v114 |
||
| 650 | _aESTIMATING | ||
| 700 | _aHarris, F.C. | ||
| 942 | _n0 | ||
| 948 | _c04/03/1997 | ||
| 999 |
_c93459 _d93459 |
||